000 00807nam a2200229Ii 4500
003 JO-AjNU
008 230605s9999||||xx |||||||||||||| ||und||
017 _a2012/9/3352
020 _a978-9957-92-013-5
040 _aJO-AjNU
_bara
_erda
_cJO-AjNU
041 _aara
050 1 4 _aHF5655 2013
100 3 _aتأليف ALDERMAN،GODWIN؛ ترجمة نضال محمود الرمحي,
_eauthor
_943133
245 0 0 _aالمحاسبة المالية = Financial Accounting
250 _aط1
264 3 1 _aعمان: دار الفكر للنشر والتوزيع،2013
300 _a461ص
_bيحتوي على ملاحق من ص 412-461 ص
336 _atext
_btxt
_2rdacontent
337 _aunmediated
_bn
_2rdamedia
338 _avolume
_bnc
_2rdacarrier
650 4 _aالمحاسبة المالية
_943134
999 _aA18521
_c22089
_d22089